00781nam a22001097a 4500040000800000082002700008100002000035245047600055260002600531300002700557856008700584 cRUA aAGR SUO 2007 B048 Or.1 aSUON, PAGNASAK. aEffect of rhizobium and nitrogen feryilizer application on soybean in the crop station of the royal university of agriculture ប្រសិទ្ធភាពនៃការប្រើប្រាស់ម្សៅរីសូប្យ៉ូម​និង​ជីអាសូតលើដំណាំសណ្ដែកសៀងក្នុងស្ថានីយ៏ដំណាំនៃសាកលវិទ្យាល័យភូមិន្ទកសិកម្ម aPhnom PenhbRUAc2007 axii, 65p.bill.c29cm. uhttps://drive.google.com/file/d/1TVODZ2g-5JqGf0e7LOxOnsWfzjKMCZPJ/view?usp=sharing